| 000 | 00466nam a22001817a 4500 | ||
|---|---|---|---|
| 999 |
_c173162 _d173162 |
||
| 005 | 20200219151903.0 | ||
| 010 | _aA-794527 | ||
| 020 | _c100.00 | ||
| 035 | _aA-794527 | ||
| 037 | _bBPPD/Pub. | ||
| 082 | _aک | ||
| 100 | _aحامد بیگ | ||
| 245 |
_aگناہ کی مزدوری / _cحامد بیگ |
||
| 246 |
_aGunaah Ki Mazdoori (urdu) / _bby Hamid Beig |
||
| 260 |
_b- _c1991 ء _a- |
||
| 300 |
_a187p. _c22cm(Hb) |
||
| 942 |
_2ddc _cUR _hک _mح ا م |
||